000 00438nam a2200145Ia 4500
003 OSt
005 20260202115331.0
008 211028s2019 xx 000 0 und d
040 _cAIMIT LIBRARY
041 _aeng
100 _aD'Cunha, Asher Neel; Suresh, Rajani.
_g1716029
_98009
245 _aAntecedents of organizational commitment at Hilti Muscat Sultanate of Oman /
260 _aMangalore
_bSumitha Achar
_c2019
942 _2ddc
_cPRO
999 _c219577
_d219577